|
|
|
|
| LEADER |
00000cam a2200000 7i4500 |
| 001 |
0000032118 |
| 005 |
20151222.0 |
| 008 |
120516 |
| 020 |
|
|
|a 0746079621
|
| 090 |
0 |
0 |
|a JF
|b ENG
|
| 100 |
1 |
|
|a Stewart, Paul
|
| 245 |
1 |
0 |
|a Stage fright
|c Paul Stewart; adapted by Gill Harvey illustrated by Alan Marks
|
| 260 |
|
|
|a England :
|b Usborne Publishing Ltd ,
|c 2002
|
| 440 |
|
|
|a Usborne young reading ; series two
|
| 500 |
|
|
|a Children ages 7-9 years old (orange)
|
| 650 |
|
0 |
|a Children's story, English
|
| 700 |
1 |
|
|a Harvey, Gill
|
| 700 |
1 |
|
|a Marks, Alan
|
| 999 |
|
|
|a 0001047074
|b Book
|c Children Collection
|e Perbadanan Perpustakaan Awam Johor
|
| 999 |
|
|
|a 0001047075
|b Book
|c Children Collection
|e Cawangan Segamat
|
| 999 |
|
|
|a 0001047076
|b Book
|c Children Collection
|e Perbadanan Perpustakaan Awam Johor
|